Complete the Title: 1970s TV Shows Quiz Stats

 Plays Quiz Updated Jan 8, 2018

Score 0/50 Timer 05:00
5 Plays Today
% Correct
Night
96.6%
Fortune
96.6%
Incredible
96.4%
Million
96.4%
Prairie
96.3%
Angels
96.2%
Price
96%
One
96%
Odd
95.9%
Starsky
95.8%
Company
95.8%
Mary
95.7%
Cher
95.7%
Mindy
95.6%
Days
95.6%
Strokes
95.5%
Woman
95.2%
Restless
94.4%
Island
94.4%
Laverne
94.2%
All
93.8%
Happening!!
93.3%
Pebbles
92.7%
Pussycats
92.7%
Partridge
92.6%
% Correct
Marie
92.4%
Children
92.1%
Streets
92.1%
Family
91.8%
Eight
91.5%
Welcome
91.2%
Facts
91.2%
Rockford
91.2%
Bionic
91.1%
Albert
91%
Sanford
90.6%
Lost
89.9%
Times
89.8%
WKRP
88.7%
Jones
88.2%
Miller
86%
Ted
85%
Grape
82.9%
Bridget
82.8%
Chico
82.5%
Orlando
81.9%
Hartman
78.8%
Flip
77%
Sigmund
74.5%
Nanny
69.4%

You're not logged in!

Compare scores with friends on all Sporcle quizzes.
OR
Log In

Show Comments

Extras

Top Quizzes Today


Score Distribution

Your Account Isn't Verified!

In order to create a playlist on Sporcle, you need to verify the email address you used during registration. Go to your Sporcle Settings to finish the process.

Report this User

Report this user for behavior that violates our Community Guidelines.

Details: